[Event "I Gedeon Barcza Mem"]
[Site "Budapest HUN"]
[Date "2008.11.03"]
[Round "8"]
[White "Papp, Ga"]
[Black "Kulaots, K."]
[Result "1/2-1/2"]
[WhiteElo "2509"]
[BlackElo "2556"]
[PlyCount "159"]
[EventDate "2008.10.27"]
[SourceDate "1999.07.01"]

1. e4 c5 2. Nf3 d6 3. d4 cxd4 4. Nxd4 Nf6 5. Nc3 a6 6. Bg5 e6 7. f4 Qc7 8. f5
Be7 9. fxe6 fxe6 10. Qd3 Nc6 11. O-O-O Nxd4 12. Qxd4 b5 13. Bxf6 Bxf6 14. Qxd6
Qxd6 15. Rxd6 Ke7 16. Rd1 Bb7 17. Bd3 Rac8 18. Ne2 Rhd8 19. Ng3 Rc5 20. a3 a5
21. Kb1 Bc6 22. c3 Rg5 23. Be2 Rb8 24. Bf3 Be8 25. Rhe1 Rc5 26. Rc1 b4 27. cxb4
Rxc1+ 28. Rxc1 axb4 29. axb4 Rxb4 30. Rc2 Ba4 31. Rd2 Bg5 32. Rf2 Rc4 33. Ka2
Bc2 34. b3 Rc7 35. Be2 Be3 36. Rf3 Bd4 37. Bb5 Be5 38. Ka3 Bd6+ 39. Kb2 Be5+
40. Ka3 g6 41. Ba4 h5 42. h4 Bd6+ 43. Kb2 Bd1 44. Rd3 Rc2+ 45. Kb1 Rxg2 46.
Rxd1 Rxg3 47. b4 Ra3 48. Be8 Kxe8 49. Rxd6 Rb3+ 50. Kc2 Rxb4 51. Rxe6+ Kf7 52.
Re5 Rd4 53. Kc3 Rd1 54. Ra5 Rh1 55. Kd4 Rxh4 56. Ke5 Kg7 57. Ra7+ Kh6 58. Kd5
Rh1 59. e5 Rd1+ 60. Kc5 Re1 61. Kd6 h4 62. e6 g5 63. e7 g4 64. Ra1 Rxe7 65.
Kxe7 Kg5 66. Ke6 g3 67. Ke5 g2 68. Ra8 Kg4 69. Ke4 Kg3 70. Rg8+ Kf2 71. Rf8+
Ke2 72. Rg8 h3 73. Rg3 Kf2 74. Rf3+ Ke1 75. Re3+ Kd1 76. Rd3+ Kc1 77. Rc3+ Kb1
78. Rb3+ Kc1 79. Rc3+ Kd1 80. Rd3+ 1/2-1/2

[Event "Casino de Barcelona"]
[Site "Barcelona ESP"]
[Date "2008.11.06"]
[Round "8"]
[White "Stefanova, A."]
[Black "Jobava, Ba"]
[Result "1/2-1/2"]
[WhiteElo "2548"]
[BlackElo "2664"]
[PlyCount "50"]
[EventDate "2008.10.30"]
[SourceDate "1999.07.01"]

1. e4 c5 2. Nf3 d6 3. d4 cxd4 4. Nxd4 Nf6 5. Nc3 a6 6. Bg5 e6 7. f4 Nbd7 8. Qf3
Qc7 9. O-O-O b5 10. e5 Bb7 11. Qh3 dxe5 12. Nxe6 fxe6 13. Qxe6+ Be7 14. Bxb5
axb5 15. Nxb5 Qc6 16. Nd6+ Kd8 17. fxe5 Kc7 18. Qxe7 Rxa2 19. exf6 Ra1+ 20. Kd2
Qd5+ 21. Kc3 Qa5+ 22. Kd3 Qd5+ 23. Kc3 Qa5+ 24. Kd3 Qd5+ 25. Kc3 Qa5+ 1/2-1/2

[Event "Corus Internet Qualifier"]
[Site "ICC INT"]
[Date "2008.11.02"]
[Round "2.1"]
[White "Mekhitarian, K."]
[Black "Fier, A."]
[Result "0-1"]
[WhiteElo "2511"]
[BlackElo "2581"]
[PlyCount "88"]
[EventDate "2008.11.01"]
[SourceDate "1999.07.01"]

1. e4 c5 2. Nf3 d6 3. d4 cxd4 4. Nxd4 Nf6 5. Nc3 a6 6. Be3 Nc6 7. Qd2 e6 8.
O-O-O Be7 9. f4 O-O 10. Be2 Qc7 11. Kb1 Nxd4 12. Qxd4 b5 13. e5 Ne8 14. Ne4
dxe5 15. fxe5 Bb7 16. Bf3 Rc8 17. Rd2 Bd5 18. Nc3 Bxf3 19. gxf3 f6 20. f4 fxe5
21. fxe5 Rf5 22. Qd7 Qxd7 23. Rxd7 Kf8 24. Bd4 Rc7 25. Rxc7 Nxc7 26. a3 Ke8 27.
Rd1 Rh5 28. Bb6 Nd5 29. Nxd5 exd5 30. Rxd5 Rxh2 31. a4 h5 32. axb5 axb5 33. e6
h4 34. Rh5 Bd6 35. Bd4 Ke7 36. Bxg7 Kxe6 37. Rxb5 h3 38. Rh5 Rh1+ 39. Ka2 h2
40. Rh6+ Kd7 41. Rh7 Kc6 42. c4 Rd1 43. c5 Kxc5 44. Bf8 h1=Q 0-1

[Event "Corus Internet Qualifier"]
[Site "ICC INT"]
[Date "2008.11.08"]
[Round "3.2"]
[White "Fier, A."]
[Black "Salgado Lopez, I."]
[Result "1/2-1/2"]
[WhiteElo "2581"]
[BlackElo "2556"]
[PlyCount "78"]
[EventDate "2008.11.01"]
[SourceDate "1999.07.01"]

1. e4 c5 2. Nf3 d6 3. d4 cxd4 4. Nxd4 Nf6 5. Nc3 a6 6. Bg5 e6 7. f4 Be7 8. Qf3
Qc7 9. O-O-O Nbd7 10. g4 h6 11. Bxf6 Bxf6 12. h4 Qb6 13. Nde2 Be7 14. g5 Nf8
15. Ng3 hxg5 16. hxg5 Rxh1 17. Nxh1 Bd7 18. Kb1 Qc5 19. Ng3 g6 20. Bd3 O-O-O
21. Nge2 Kb8 22. a3 Rc8 23. Qg3 Bc6 24. Rh1 b5 25. Rf1 Nd7 26. f5 Ne5 27. Nf4
Bd7 28. fxg6 fxg6 29. Rh1 Nxd3 30. Nxd3 Qxg5 31. Qf2 Kb7 32. Rg1 Qh4 33. Qxh4
Bxh4 34. Rxg6 Rc7 35. Nf4 Be1 36. Nxe6 Bxe6 37. Rxe6 Bxc3 38. bxc3 Rxc3 39. a4
Rc4 1/2-1/2

[Event "38th Olympiad"]
[Site "Dresden GER"]
[Date "2008.11.13"]
[Round "1"]
[White "Kulaots, K."]
[Black "Dominguez Perez, L."]
[Result "1/2-1/2"]
[WhiteElo "2556"]
[BlackElo "2719"]
[PlyCount "186"]
[EventDate "2008.11.13"]
[SourceDate "1999.07.01"]

1. e4 c5 2. Nf3 d6 3. d4 cxd4 4. Nxd4 Nf6 5. Nc3 a6 6. Be3 e5 7. Nf3 Be7 8. Bc4
O-O 9. O-O Nc6 10. Re1 Be6 11. Nd5 Bxd5 12. exd5 b5 13. Bxb5 axb5 14. dxc6 Qc7
15. c3 Qxc6 16. Bg5 Rfe8 17. Qb3 Ne4 18. Bxe7 Rxe7 19. Rad1 Nc5 20. Qd5 Qxd5
21. Rxd5 Rxa2 22. Rxd6 f6 23. Rd5 Rc7 24. Rb1 Kf7 25. Kf1 Ke6 26. Rd2 Na4 27.
Ke1 Rd7 28. Re2 Kf7 29. Rc2 Nb6 30. Rd2 Rc7 31. Kd1 Na4 32. Ng1 Nc5 33. f3 Nb3
34. Rd3 Na5 35. Ne2 Nc4 36. Kc2 Ke6 37. Nc1 Ra6 38. Nb3 b4 39. Nd2 Nd6 40. Re1
Rac6 41. f4 bxc3 42. bxc3 Ra6 43. fxe5 fxe5 44. Rb1 Ra2+ 45. Kd1 e4 46. Re3 Kd5
47. Rb4 Rb7 48. Rxb7 Nxb7 49. Rg3 Nc5 50. Rg5+ Kc6 51. Nc4 Na4 52. Rxg7 Nxc3+
53. Ke1 Kc5 54. Nd2 Kd4 55. Rd7+ Nd5 56. Nb3+ Ke5 57. Rxh7 e3 58. Rh5+ Kd6 59.
Rh6+ Ke5 60. Rh5+ Kd6 61. Rh6+ Ke7 62. Nd4 Nf4 63. Nf5+ Kf7 64. Nxe3 Re2+ 65.
Kf1 Rxe3 66. Kf2 Ra3 67. g3 Ng6 68. Rh5 Kf6 69. h4 Ne5 70. Kg2 Ng4 71. Rh8 Kf5
72. Rf8+ Nf6 73. Kh3 Rb3 74. Ra8 Ne4 75. Rg8 Ra3 76. Kg2 Ra2+ 77. Kf3 Nd2+ 78.
Kg2 Ne4+ 79. Kf3 Ra3+ 80. Kg2 Rd3 81. Rf8+ Kg6 82. Rf3 Rd2+ 83. Kh3 Rc2 84. Ra3
Nf2+ 85. Kg2 Ng4+ 86. Kh3 Ne5 87. Ra6+ Kf5 88. Ra5 Rb2 89. Ra8 Ng4 90. Ra5+ Ne5
91. Ra8 Ng4 92. Ra5+ Ne5 93. Rd5 Rb3 1/2-1/2

[Event "38th Olympiad"]
[Site "Dresden GER"]
[Date "2008.11.13"]
[Round "1"]
[White "Bruzon Batista, L."]
[Black "Kanep, M."]
[Result "1-0"]
[WhiteElo "2622"]
[BlackElo "2526"]
[PlyCount "67"]
[EventDate "2008.11.13"]
[SourceDate "1999.07.01"]

1. e4 c5 2. Nf3 d6 3. d4 cxd4 4. Nxd4 Nf6 5. Nc3 a6 6. Be2 e5 7. Nb3 Be7 8. O-O
Be6 9. f4 Qc7 10. a4 Nbd7 11. Kh1 h6 12. a5 O-O 13. f5 Bc4 14. Be3 Rfc8 15.
Bxc4 Qxc4 16. Ra4 Qc6 17. Qf3 Bd8 18. Rfa1 b5 19. axb6 Nxb6 20. Na5 Qd7 21.
Bxb6 Bxb6 22. Nc4 Bd4 23. Nd5 Nxd5 24. exd5 Rc7 25. c3 Rac8 26. Na5 Bxc3 27.
bxc3 Rxc3 28. Qd1 R8c5 29. Nc6 Kh7 30. f6 gxf6 31. Rxa6 Qf5 32. Ra7 Qf4 33.
Rxf7+ Kg6 34. Rc7 1-0

[Event "38th Olympiad"]
[Site "Dresden GER"]
[Date "2008.11.14"]
[Round "2"]
[White "Solak, D."]
[Black "Karjakin, Sergey"]
[Result "1-0"]
[WhiteElo "2595"]
[BlackElo "2730"]
[PlyCount "191"]
[EventDate "2008.11.13"]
[SourceDate "1999.07.01"]

1. e4 c5 2. Nf3 d6 3. d4 cxd4 4. Nxd4 Nf6 5. Nc3 a6 6. Bc4 e6 7. Bb3 b5 8. O-O
Be7 9. Qf3 Qc7 10. Qg3 Nc6 11. Nf5 exf5 12. Qxg7 Rf8 13. Bg5 Qd8 14. Nd5 Nh5
15. Qc3 Bb7 16. Nxe7 Nxe7 17. Qh3 Ng7 18. exf5 f6 19. Bh6 Rf7 20. Be6 Ng8 21.
Rae1 Qc7 22. Bxf7+ Kxf7 23. Bxg7 Kxg7 24. Re3 Kh8 25. c3 Qf7 26. b3 Ne7 27.
Rfe1 Nd5 28. Re4 Rg8 29. f3 Qf8 30. Kh1 Bc6 31. c4 bxc4 32. bxc4 Nc7 33. Re7
Rg7 34. Qh6 Ne8 35. Qe3 Rg8 36. Ra7 Ng7 37. Qe7 Qb8 38. a3 Qb2 39. Rc7 Qf2 40.
Qe2 Qb6 41. Qe7 Qb2 42. c5 dxc5 43. Rxc6 Re8 44. Qxe8+ Nxe8 45. Rxe8+ Kg7 46.
Re7+ Kf8 47. Re1 Qc3 48. Rb1 Kg7 49. Rxa6 Qd3 50. Ra7+ Kh6 51. Rc1 Qd2 52. Rg1
c4 53. Rc7 c3 54. a4 c2 55. a5 Qxa5 56. Rxc2 Qxf5 57. Rc6 Kg6 58. h3 Qe5 59.
Rd1 h5 60. Rc4 Qe2 61. Rdc1 Qd2 62. Rg1 Qd3 63. Re4 Qd6 64. Rc1 Qb6 65. h4 Qd6
66. Rcc4 Qd1+ 67. Kh2 Qd6+ 68. Rf4 Kg7 69. Kg3 Kg6 70. Rce4 Qa6 71. Re8 Kg7 72.
Re7+ Kg6 73. Re8 Kg7 74. Rb8 Qa5 75. Rbb4 Kg6 76. Kh3 Qe5 77. Rbe4 Qc7 78. Ra4
Qc1 79. Kh2 Qd2 80. Rfd4 Qe2 81. Re4 Qb5 82. Ra2 Qb8+ 83. g3 Qb3 84. Rf2 Qd3
85. Kg2 Qd6 86. Rf4 Qe6 87. g4 Qc6 88. Ra2 hxg4 89. Rxg4+ Kh6 90. Re2 Qd7 91.
Rg3 Qd3 92. Rf2 Kh5 93. Rb2 Kh6 94. h5 Kxh5 95. Rf2 Kh6 96. Kh1 1-0

[Event "38th Olympiad"]
[Site "Dresden GER"]
[Date "2008.11.14"]
[Round "2"]
[White "Fedorov, Alex"]
[Black "Wang Hao"]
[Result "1/2-1/2"]
[WhiteElo "2584"]
[BlackElo "2696"]
[PlyCount "78"]
[EventDate "2008.11.13"]
[SourceDate "1999.07.01"]

1. e4 c5 2. Nf3 d6 3. d4 cxd4 4. Nxd4 Nf6 5. Nc3 a6 6. f3 e6 7. Be3 b5 8. Qd2
Nbd7 9. g4 h6 10. O-O-O b4 11. Nce2 Qa5 12. Kb1 Bb7 13. Nf4 e5 14. Nb3 Qc7 15.
Nh5 d5 16. exd5 Nxd5 17. Bd3 O-O-O 18. Bxa6 Nc3+ 19. bxc3 Bxa6 20. Qd5 Bb7 21.
Qxf7 bxc3 22. Rhf1 Bb4 23. Qxg7 Rhf8 24. Qxh6 Qc4 25. Bg5 Rxf3 26. Rfe1 Rdf8
27. Rxd7 Kxd7 28. Qb6 Be4 29. Nf6+ R8xf6 30. Bxf6 Bxc2+ 31. Ka1 Rf1 32. Qd8+
Ke6 33. Nd4+ Kf7 34. Nxc2 Rxe1+ 35. Nxe1 Qe2 36. Qd5+ Kf8 37. Qd8+ Kf7 38. Qd5+
Kf8 39. Qa8+ Kf7 1/2-1/2

[Event "38th Olympiad"]
[Site "Dresden GER"]
[Date "2008.11.14"]
[Round "2"]
[White "Lupulescu, C."]
[Black "Kovalyov, A."]
[Result "1-0"]
[WhiteElo "2594"]
[BlackElo "2571"]
[PlyCount "106"]
[EventDate "2008.11.13"]
[SourceDate "1999.07.01"]

1. e4 c5 2. Nf3 d6 3. d4 cxd4 4. Nxd4 Nf6 5. Nc3 a6 6. Be3 e5 7. Nde2 Be7 8.
Ng3 g6 9. Bc4 Be6 10. Nd5 Nbd7 11. O-O h5 12. Qd3 Rc8 13. Nxf6+ Nxf6 14. Bxe6
fxe6 15. f4 exf4 16. Bxf4 Qb6+ 17. Kh1 Qb5 18. Bxd6 Qxd3 19. cxd3 Ng4 20. e5 h4
21. Ne4 h3 22. Rac1 Rxc1 23. Rxc1 Bd8 24. Rc8 Kd7 25. Ra8 b6 26. Rxa6 hxg2+ 27.
Kxg2 Ne3+ 28. Kg1 Rh3 29. Ra7+ Kc6 30. Ra8 Bh4 31. Rc8+ Kd7 32. Rc7+ Kd8 33.
Rf7 Ke8 34. Nf2 Bxf2+ 35. Rxf2 Nd5 36. Rd2 g5 37. a4 Nf4 38. b4 Rf3 39. a5 bxa5
40. bxa5 g4 41. Rd1 Nh3+ 42. Kg2 Rf2+ 43. Kg3 Ra2 44. Rf1 Ra4 45. a6 Kd7 46. a7
Kc6 47. Rc1+ Kb7 48. Bc5 Nf4 49. Rb1+ Kc6 50. d4 Ne2+ 51. Kf2 Nc3 52. Rb8 Ne4+
53. Ke3 Kd5 1-0

[Event "38th Olympiad"]
[Site "Dresden GER"]
[Date "2008.11.14"]
[Round "2"]
[White "Ghaem Maghami, E."]
[Black "Vachier Lagrave, M."]
[Result "1/2-1/2"]
[WhiteElo "2599"]
[BlackElo "2716"]
[PlyCount "71"]
[EventDate "2008.11.13"]
[SourceDate "1999.07.01"]

1. e4 c5 2. Nc3 a6 3. Nf3 d6 4. d4 cxd4 5. Nxd4 Nf6 6. g3 e5 7. Nde2 Be7 8. a4
Nc6 9. Bg2 Nb4 10. O-O Be6 11. b3 d5 12. exd5 Nfxd5 13. Ba3 Nxc3 14. Nxc3 Qxd1
15. Raxd1 Nxc2 16. Bxe7 Kxe7 17. Nd5+ Bxd5 18. Rxd5 Ke6 19. Rfd1 Nd4 20. f4
Rad8 21. Rxe5+ Kf6 22. Rde1 Rd7 23. g4 g6 24. Re7 Rhd8 25. Bxb7 a5 26. R1e3 Ne6
27. Rxd7 Rxd7 28. f5 gxf5 29. gxf5 Kxf5 30. Bc8 Kf4 31. Re1 Rd6 32. Rf1+ Ke3
33. Rxf7 Ng5 34. Re7+ Kf4 35. Bb7 Rd3 36. h4 1/2-1/2

[Event "38th Olympiad"]
[Site "Dresden GER"]
[Date "2008.11.15"]
[Round "3"]
[White "Kotronias, V."]
[Black "Vachier Lagrave, M."]
[Result "1/2-1/2"]
[WhiteElo "2587"]
[BlackElo "2716"]
[PlyCount "84"]
[EventDate "2008.11.13"]
[SourceDate "1999.07.01"]

1. e4 c5 2. Nf3 d6 3. d4 cxd4 4. Nxd4 Nf6 5. Nc3 a6 6. Bg5 e6 7. f4 Qc7 8. Bxf6
gxf6 9. Qf3 b5 10. a3 Nc6 11. Nxc6 Qxc6 12. Bd3 f5 13. O-O Bb7 14. exf5 Qxf3
15. gxf3 Bg7 16. Rae1 Kd7 17. fxe6+ fxe6 18. f5 Bd4+ 19. Kg2 Rhg8+ 20. Kh3 Rg5
21. fxe6+ Ke7 22. Ne4 Rh5+ 23. Kg2 Rg8+ 24. Ng3 Bxb2 25. c4 Bxa3 26. Be4 Bxe4
27. Rxe4 Re5 28. cxb5 Rxe4 29. fxe4 axb5 30. Rf7+ Kxe6 31. Rxh7 b4 32. Rb7 Ke5
33. Kf3 Rh8 34. Ke3 Rxh2 35. Rb5+ Ke6 36. Nf5 Kd7 37. Nd4 Rh3+ 38. Ke2 Rc3 39.
Rb7+ Kc8 40. Rb5 Rc4 41. Kd3 Rc3+ 42. Ke2 Rc4 1/2-1/2

[Event "38th Olympiad"]
[Site "Dresden GER"]
[Date "2008.11.15"]
[Round "3"]
[White "De la Riva Aguado, O."]
[Black "Caruana, F."]
[Result "0-1"]
[WhiteElo "2537"]
[BlackElo "2640"]
[PlyCount "47"]
[EventDate "2008.11.13"]
[SourceDate "1999.07.01"]

1. e4 c5 2. Nf3 d6 3. d4 Nf6 4. Nc3 cxd4 5. Nxd4 a6 6. Be3 e6 7. Qd2 b5 8. f3
Nbd7 9. g4 h6 10. O-O-O Bb7 11. Bd3 Ne5 12. Rhe1 b4 13. Nce2 d5 14. exd5 Nxd5
15. Nf4 Qa5 16. Nb3 Qxa2 17. Be4 Nc3 18. bxc3 Bxe4 19. fxe4 a5 20. Nd5 Bd6 21.
Nf6+ gxf6 22. Qxd6 bxc3 23. Rd4 a4 24. Nc5 0-1

[Event "Russia Cup Final"]
[Site "Serpuhov RUS"]
[Date "2008.11.05"]
[Round "1.1"]
[White "Maslak, K."]
[Black "Kokarev, Dm"]
[Result "1/2-1/2"]
[WhiteElo "2544"]
[BlackElo "2588"]
[PlyCount "94"]
[EventDate "2008.11.05"]
[SourceDate "1999.07.01"]

1. e4 c5 2. Nf3 d6 3. d4 cxd4 4. Nxd4 Nf6 5. Nc3 a6 6. Bg5 e6 7. f4 Nbd7 8. Qf3
Qc7 9. O-O-O b5 10. Bd3 Bb7 11. Rhe1 O-O-O 12. a3 Be7 13. Bxf6 Nxf6 14. f5 Qb6
15. Nb3 Kb8 16. Qg3 g6 17. fxe6 fxe6 18. Kb1 Rhf8 19. Qh3 Bc8 20. e5 dxe5 21.
Ne4 Qc7 22. Nxf6 Bxf6 23. Nd2 Rf7 24. Ne4 Be7 25. Rf1 Rdf8 26. Rxf7 Rxf7 27.
Qe3 Bb7 28. Rf1 Rxf1+ 29. Bxf1 Bd5 30. Bd3 Qa7 31. Qxa7+ Kxa7 32. b4 Bd8 33.
Kb2 Bb6 34. c3 Be3 35. Kc2 Kb6 36. Kb2 Bg1 37. h3 Be3 38. Kc2 h5 39. Kb2 h4 40.
Kc2 Kc7 41. Kb2 Kd8 42. Kc2 Bc6 43. Kb2 Ke7 44. Kc2 Bd5 45. Kb2 Bc6 46. Kc2 Bd5
47. Kb2 Bc6 1/2-1/2

[Event "Russia Cup Final"]
[Site "Serpuhov RUS"]
[Date "2008.11.06"]
[Round "1.2"]
[White "Shaposhnikov, E."]
[Black "Khismatullin, D."]
[Result "1-0"]
[WhiteElo "2558"]
[BlackElo "2606"]
[PlyCount "117"]
[EventDate "2008.11.05"]
[SourceDate "1999.07.01"]

1. e4 c5 2. Nf3 d6 3. d4 Nf6 4. Nc3 cxd4 5. Nxd4 a6 6. Be3 Ng4 7. Bc1 Nf6 8. g3
g6 9. Bg2 Bg7 10. O-O O-O 11. h3 Bd7 12. a4 Nc6 13. Nde2 Rb8 14. Nd5 Ne8 15. c3
e6 16. Ne3 b5 17. axb5 axb5 18. f4 Na5 19. b4 Nc6 20. Ra2 f5 21. e5 Qb6 22.
exd6 Nd8 23. Kh2 Nxd6 24. Nc2 Qc7 25. Be3 N8b7 26. Bd4 Bc6 27. Bxg7 Kxg7 28.
Ned4 Bd7 29. Ra6 Rfe8 30. Qe2 Nf7 31. Nc6 Bxc6 32. Rxc6 Qe7 33. Qxb5 e5 34.
fxe5 Nxe5 35. Rb6 Nd6 36. Qc5 Rxb6 37. Qxb6 Rc8 38. Ne3 Ndc4 39. Nxc4 Rxc4 40.
Ra1 Rc7 41. b5 Rd7 42. Qf2 Nd3 43. Qf1 Qe3 44. Rd1 h5 45. Qf3 Qxf3 46. Bxf3 Ne5
47. Rxd7+ Nxd7 48. Bc6 Nb6 49. h4 Kf6 50. Be8 g5 51. Bxh5 f4 52. gxf4 gxh4 53.
Bg4 Ke7 54. Bf3 Kd6 55. Kh3 Kc5 56. Bc6 Na4 57. Kxh4 Nxc3 58. f5 Kd6 59. Kg5
1-0

[Event "Russia Cup Final"]
[Site "Serpuhov RUS"]
[Date "2008.11.06"]
[Round "1.3"]
[White "Shaposhnikov, E."]
[Black "Khismatullin, D."]
[Result "1/2-1/2"]
[WhiteElo "2558"]
[BlackElo "2606"]
[PlyCount "66"]
[EventDate "2008.11.05"]
[SourceDate "1999.07.01"]

1. e4 c5 2. Nf3 d6 3. d4 Nf6 4. Nc3 cxd4 5. Nxd4 a6 6. Be3 Ng4 7. Bc1 Nf6 8. g3
g6 9. Bg2 Bg7 10. O-O O-O 11. a4 Nc6 12. Nde2 Rb8 13. Nd5 Nd7 14. c3 b5 15.
axb5 axb5 16. Nd4 Nde5 17. Nxc6 Nxc6 18. Bg5 h6 19. Be3 e6 20. Nf4 b4 21. cxb4
Nxb4 22. Qd2 Nc6 23. Nd3 Kh7 24. Rfd1 d5 25. Bc5 Re8 26. Qf4 Kg8 27. exd5 exd5
28. Nb4 g5 29. Nxc6 gxf4 30. Nxd8 Rxd8 31. Bd4 fxg3 32. hxg3 Bxd4 33. Rxd4 Rxb2
1/2-1/2

[Event "Russia Cup Final"]
[Site "Serpuhov RUS"]
[Date "2008.11.06"]
[Round "1.3"]
[White "Maslak, K."]
[Black "Kokarev, Dm"]
[Result "0-1"]
[WhiteElo "2544"]
[BlackElo "2588"]
[PlyCount "116"]
[EventDate "2008.11.05"]
[SourceDate "1999.07.01"]

1. e4 c5 2. Nf3 d6 3. d4 cxd4 4. Nxd4 Nf6 5. Nc3 a6 6. Bg5 e6 7. f4 Be7 8. Qf3
Qc7 9. O-O-O Nbd7 10. g4 h6 11. Bxf6 Bxf6 12. h4 Qb6 13. Nde2 Nc5 14. g5 Be7
15. g6 O-O 16. Rg1 Bd7 17. Bh3 Bf6 18. gxf7+ Rxf7 19. Kb1 Raf8 20. Qe3 Kh8 21.
h5 Bxc3 22. Nxc3 Rxf4 23. Bg4 Qc7 24. Bf5 d5 25. Qg3 Ba4 26. Nxa4 Nxa4 27. Bxe6
dxe4 28. Bb3 Nc5 29. Qc3 Rf3 30. Qd4 R3f5 31. Rg6 Nxb3 32. axb3 Rf1 33. Rxh6+
Kg8 34. Rg6 Rxd1+ 35. Qxd1 Kh7 36. Rg1 Qe5 37. Qg4 e3 38. Qg6+ Kg8 39. Re1 Rf6
40. Qd3 Re6 41. Qe2 Qe4 42. Rg1 Kh7 43. Rg4 Qd5 44. Rg3 Re5 45. b4 Qe4 46. h6
gxh6 47. Rg4 Qh1+ 48. Ka2 Qd5+ 49. c4 Qd7 50. Rg3 Qe6 51. Qd3+ Re4 52. b3 Qf5
53. Qd8 Qf2+ 54. Ka3 Qxg3 55. Qd7+ Qg7 56. Qf5+ Qg6 57. Qd7+ Kh8 58. Qd8+ Re8
0-1

[Event "Russia Cup Final"]
[Site "Serpuhov RUS"]
[Date "2008.11.07"]
[Round "2.1"]
[White "Nepomniachtchi, I."]
[Black "Najer, E."]
[Result "1-0"]
[WhiteElo "2616"]
[BlackElo "2682"]
[PlyCount "89"]
[EventDate "2008.11.05"]
[SourceDate "1999.07.01"]

1. e4 c5 2. Nf3 d6 3. d4 cxd4 4. Nxd4 Nf6 5. Nc3 a6 6. Be3 e5 7. Nb3 Be6 8. Qd2
Nbd7 9. O-O-O Be7 10. f4 b5 11. f5 Bc4 12. Kb1 O-O 13. Rg1 Bxf1 14. Rdxf1 b4
15. Nd5 a5 16. g4 a4 17. Nc1 Nxd5 18. exd5 Qa5 19. g5 b3 20. cxb3 Qxd2 21. Bxd2
f6 22. bxa4 Rxa4 23. Ne2 Rh4 24. Rf2 fxg5 25. Bxg5 Bxg5 26. Rxg5 Nb6 27. Nc3
Rd4 28. Rfg2 Rf7 29. R5g3 Rb7 30. h4 Rxh4 31. Rg4 Rh1+ 32. Kc2 Rc7 33. Kb3 Rf1
34. a4 Rf3 35. R2g3 Rxf5 36. a5 Nc8 37. a6 Rf4 38. Nb5 Rxg4 39. Rxg4 Rc5 40.
Kb4 Rc1 41. Nc3 Ra1 42. Kb5 h5 43. Rc4 Ne7 44. Na4 Nxd5 45. a7 1-0

[Event "Russia Cup Final"]
[Site "Serpuhov RUS"]
[Date "2008.11.08"]
[Round "2.2"]
[White "Najer, E."]
[Black "Nepomniachtchi, I."]
[Result "1/2-1/2"]
[WhiteElo "2682"]
[BlackElo "2616"]
[PlyCount "88"]
[EventDate "2008.11.05"]
[SourceDate "1999.07.01"]

1. e4 c5 2. Nf3 d6 3. d4 cxd4 4. Nxd4 Nf6 5. Nc3 a6 6. Bc4 e6 7. Bb3 Nbd7 8.
Bg5 h6 9. Bh4 Qa5 10. O-O Qh5 11. Qxh5 Nxh5 12. f4 Be7 13. Bxe7 Kxe7 14. Rae1
g5 15. f5 Ne5 16. Na4 Bd7 17. Nb6 Rae8 18. Re3 Nf4 19. g3 Nh3+ 20. Kg2 g4 21.
Rc3 Bc6 22. Nxc6+ bxc6 23. Nc4 Nxc4 24. Rxc4 Rc8 25. e5 h5 26. exd6+ Kxd6 27.
Ra4 Rcd8 28. fxe6 fxe6 29. Bc4 Rhf8 30. Bxa6 Ra8 31. b3 e5 32. Bd3 Rxf1 33.
Kxf1 Rf8+ 34. Ke1 Rf2 35. Bg6 Rxh2 36. Bxh5 Rxc2 37. Bxg4 Ng5 38. Be2 Ne6 39.
Bd3 Rg2 40. Rg4 Rxa2 41. Rg6 Ke7 42. Be4 Nd4 43. Bxc6 Ra6 44. Be4 Rxg6 1/2-1/2

[Event "Russia Cup Final"]
[Site "Serpuhov RUS"]
[Date "2008.11.12"]
[Round "4.2"]
[White "Timofeev, Arty"]
[Black "Belov, Vl"]
[Result "1/2-1/2"]
[WhiteElo "2670"]
[BlackElo "2579"]
[PlyCount "88"]
[EventDate "2008.11.05"]
[SourceDate "1999.07.01"]

1. e4 c5 2. Nf3 d6 3. d4 cxd4 4. Nxd4 Nf6 5. Nc3 a6 6. Be2 e5 7. Nb3 Be7 8. O-O
O-O 9. Kh1 Nc6 10. f3 Be6 11. Nd5 a5 12. Be3 a4 13. Nc1 Bxd5 14. exd5 Nd4 15.
c4 Nd7 16. Bd3 Nc5 17. Ne2 Nxe2 18. Bxe2 Bg5 19. Bf2 Qf6 20. Bd3 Qf4 21. Qc2
Nxd3 22. Qxd3 Rfc8 23. b3 Qd2 24. Qb1 Be3 25. Bxe3 Qxe3 26. Qf5 axb3 27. Rae1
Qb6 28. axb3 Qxb3 29. f4 Qxc4 30. fxe5 Qxd5 31. Rd1 Qe6 32. Qxe6 fxe6 33. exd6
Rc6 34. h3 Rd8 35. d7 e5 36. Rd5 Re6 37. Rc1 Kf7 38. Rc7 b6 39. Kg1 Ke7 40. Rb7
e4 41. Kf2 Rd6 42. Rxd6 Kxd6 43. Rxb6+ Ke7 44. Ke3 Rxd7 1/2-1/2

[Event "Russia Cup Final"]
[Site "Serpuhov RUS"]
[Date "2008.11.12"]
[Round "4.4"]
[White "Timofeev, Arty"]
[Black "Belov, Vl"]
[Result "1/2-1/2"]
[WhiteElo "2670"]
[BlackElo "2579"]
[PlyCount "98"]
[EventDate "2008.11.05"]
[SourceDate "1999.07.01"]

1. e4 c5 2. Nf3 d6 3. d4 cxd4 4. Nxd4 Nf6 5. Nc3 a6 6. Be2 Nbd7 7. g4 h6 8. f4
e6 9. Bf3 g5 10. fxg5 hxg5 11. Bxg5 Ne5 12. h3 Be7 13. Bg2 Nfxg4 14. Bxe7 Qxe7
15. hxg4 Rxh1+ 16. Bxh1 Qh4+ 17. Kd2 Qh6+ 18. g5 Nc4+ 19. Kc1 Qxg5+ 20. Kb1
Nd2+ 21. Kc1 Nb3+ 22. Kb1 Nd2+ 23. Kc1 Nxe4+ 24. Kb1 Nd2+ 25. Kc1 Nb3+ 26. Kb1
Nxa1 27. Kxa1 d5 28. Qe1 Kf8 29. Nf3 Qf4 30. Ne2 Qf6 31. Qb4+ Ke8 32. a3 Qe7
33. Qb6 e5 34. Qh6 f6 35. Qh8+ Qf8 36. Qh5+ Qf7 37. Qh8+ Qf8 38. Qh5+ Kd8 39.
Nc3 Be6 40. Nh4 d4 41. Nd5 Rc8 42. Ng6 Qe8 43. Nxf6 Rxc2 44. Qg5 Qxg6 45. Qxg6
Rc1+ 46. Qb1 Rxb1+ 47. Kxb1 Ke7 48. Ne4 b6 49. Kc2 a5 1/2-1/2

[Event "38th Olympiad"]
[Site "Dresden GER"]
[Date "2008.11.19"]
[Round "6"]
[White "Ragger, M."]
[Black "Adly, A."]
[Result "1-0"]
[WhiteElo "2518"]
[BlackElo "2586"]
[PlyCount "69"]
[EventDate "2008.11.13"]
[SourceDate "1999.07.01"]

1. e4 c5 2. Nf3 d6 3. d4 cxd4 4. Nxd4 Nf6 5. Nc3 a6 6. Be3 Ng4 7. Bg5 h6 8. Bh4
g5 9. Bg3 Bg7 10. h3 Ne5 11. Nf5 Bxf5 12. exf5 Nbc6 13. Nd5 e6 14. fxe6 fxe6
15. Ne3 Qa5+ 16. c3 Nf3+ 17. Qxf3 Bxc3+ 18. Kd1 Qa4+ 19. Nc2 Bxb2 20. Rc1 Qxa2
21. Qe4 Na5 22. Nb4 Qb3+ 23. Rc2 Rc8 24. Bd3 Kd7 25. Re1 Bc3 26. Re3 Rhe8 27.
Nd5 exd5 28. Qg6 Nc4 29. Bf5+ Kc6 30. Rexc3 Qb4 31. Qf7 Kb6 32. Bxc8 Rxc8 33.
Qxd5 Rc5 34. Qd4 Kb5 35. Bxd6 1-0

[Event "38th Olympiad"]
[Site "Dresden GER"]
[Date "2008.11.20"]
[Round "7"]
[White "Volokitin, And"]
[Black "Wang Hao"]
[Result "1/2-1/2"]
[WhiteElo "2659"]
[BlackElo "2696"]
[PlyCount "81"]
[EventDate "2008.11.13"]
[SourceDate "1999.07.01"]

1. e4 c5 2. Nf3 d6 3. d4 cxd4 4. Nxd4 Nf6 5. Nc3 a6 6. a4 g6 7. Be2 Bg7 8. O-O
O-O 9. Be3 Nc6 10. Qd2 Bd7 11. Rfd1 Ng4 12. Bxg4 Bxg4 13. f3 Be6 14. Nce2 Bc4
15. Ng3 Nxd4 16. Bxd4 b5 17. Bxg7 Kxg7 18. Qd4+ f6 19. axb5 axb5 20. Ra7 Rxa7
21. Qxa7 Re8 22. b3 Bf7 23. Nf1 Qc8 24. Ne3 Qc3 25. Kf2 Qe5 26. g3 Rc8 27. Qd4
Qe6 28. Kg2 Ra8 29. Ra1 Rxa1 30. Qxa1 Qc8 31. Qd4 Kf8 32. Kf2 Qh3 33. Kg1 Qc8
34. Kg2 Be8 35. h4 h5 36. Qd2 Bf7 37. Qd4 Qc5 38. Qxc5 dxc5 39. f4 e5 40. fxe5
fxe5 41. Kf3 1/2-1/2

[Event "38th Olympiad"]
[Site "Dresden GER"]
[Date "2008.11.21"]
[Round "8"]
[White "Akopian, Vl"]
[Black "Vachier Lagrave, M."]
[Result "1-0"]
[WhiteElo "2679"]
[BlackElo "2716"]
[PlyCount "51"]
[EventDate "2008.11.13"]
[SourceDate "1999.07.01"]

1. e4 c5 2. Nf3 d6 3. d4 cxd4 4. Nxd4 Nf6 5. Nc3 a6 6. Be3 e6 7. Be2 Qc7 8. a4
b6 9. f4 Bb7 10. Bf3 Nbd7 11. Qe2 g6 12. O-O e5 13. Rad1 Be7 14. fxe5 Nxe5 15.
Bh6 Bf8 16. Bxf8 Kxf8 17. Qe3 h6 18. Bh5 Qe7 19. Bxg6 Nxg6 20. Nf5 Qe5 21. Qxb6
Bxe4 22. Qxd6+ Qxd6 23. Nxd6 Bxc2 24. Rxf6 Ra7 25. Rd2 Kg7 26. Rf3 1-0